[Event "EUYCC 2024 U12"]
[Site "?"]
[Date "2024.08.07"]
[Round "3.6"]
[White "Vancakova, Veronika"]
[Black "Rudova, Jana"]
[Result "1-0"]
[BlackElo "1484"]
[WhiteElo "1776"]
[LiveChessVersion "1.4.8"]

1. d4 {[%clk 1:30:58]} d5 {[%clk 1:30:51]} 2. Nf3 {[%clk 1:31:22]} Nf6
{[%clk 1:30:29]} 3. c4 {[%clk 1:31:14]} e6 {[%clk 1:30:45]} 4. Nc3
{[%clk 1:31:33]} Bb4 {[%clk 1:30:13]} 5. Qa4+ {[%clk 1:20:08]} Nc6
{[%clk 1:29:10]} 6. e3 {[%clk 1:19:37]} Bxc3+ {[%clk 1:28:26]} 7. bxc3
{[%clk 1:19:59]} Bd7 {[%clk 1:27:28]} 8. Qc2 {[%clk 1:19:37]} O-O
{[%clk 1:21:55]} 9. cxd5 {[%clk 1:06:20]} exd5 {[%clk 1:20:00]} 10. Bd3
{[%clk 1:05:46]} Re8 {[%clk 1:17:35]} 11. O-O {[%clk 1:05:39]} h6
{[%clk 1:16:30]} 12. Nd2 {[%clk 1:01:23]} Qe7 {[%clk 1:12:11]} 13. Bb2
{[%clk 0:50:34]} Ne4 {[%clk 1:10:48]} 14. Nb3 {[%clk 0:47:26]} Qg5
{[%clk 1:07:29]} 15. Rae1 {[%clk 0:42:47]} Bh3 {[%clk 0:58:20]} 16. f3
{[%clk 0:41:39]} Nd6 {[%clk 0:58:01]} 17. Bc1 {[%clk 0:39:30]} Be6
{[%clk 0:56:47]} 18. e4 {[%clk 0:38:39]} Qh4 {[%clk 0:55:00]} 19. e5
{[%clk 0:31:11]} Nc4 {[%clk 0:53:43]} 20. f4 {[%clk 0:30:27]} Rad8
{[%clk 0:50:00]} 21. Re2 {[%clk 0:24:40]} Qh5 {[%clk 0:43:16]} 22. f5
{[%clk 0:20:25]} Bd7 {[%clk 0:43:09]} 23. Rf3 {[%clk 0:16:10]} Qh4
{[%clk 0:32:27]} 24. Rh3 {[%clk 0:10:19]} Qg4 {[%clk 0:32:30]} 25. Rg3
{[%clk 0:10:30]} Qh5 {[%clk 0:32:17]} 26. Rf2 {[%clk 0:09:10]} Kh7
{[%clk 0:30:26]} 27. Be2 {[%clk 0:08:55]} Qh4 {[%clk 0:29:35]} 28. Rf4
{[%clk 0:08:19]} Qxf4 {[%clk 0:29:28]} 29. Bxf4 {[%clk 0:08:40]} Kh8
{[%clk 0:28:56]} 30. Qc1 {[%clk 0:08:09]} 1-0

[Event "EUYCC 2024 U12"]
[Site "?"]
[Date "2024.08.07"]
[Round "3.7"]
[White "Bannoura, Daniel"]
[Black "Moravcik, Alex"]
[Result "0-1"]
[BlackElo "1762"]
[WhiteElo "1483"]
[LiveChessVersion "1.4.8"]

1. c4 {[%clk 1:30:57]} Nf6 {[%clk 1:30:48]} 2. Nc3 {[%clk 1:30:51]} g6
{[%clk 1:30:59]} 3. g3 {[%clk 1:30:22]} Bg7 {[%clk 1:31:06]} 4. Bg2
{[%clk 1:30:18]} O-O {[%clk 1:30:30]} 5. e3 {[%clk 1:28:37]} d6 {[%clk 1:29:33]}
6. Nge2 {[%clk 1:28:34]} e5 {[%clk 1:29:04]} 7. d4 {[%clk 1:27:53]} Nbd7
{[%clk 1:25:53]} 8. O-O {[%clk 1:26:39]} c6 {[%clk 1:24:48]} 9. d5
{[%clk 1:26:07]} Qc7 {[%clk 1:22:33]} 10. dxc6 {[%clk 1:23:48]} bxc6
{[%clk 1:21:07]} 11. b4 {[%clk 1:18:19]} Rb8 {[%clk 1:10:44]} 12. Ba3
{[%clk 1:12:40]} Nb6 {[%clk 1:04:34]} 13. Qd3 {[%clk 0:59:38]} Be6
{[%clk 1:01:46]} 14. c5 {[%clk 0:52:18]} dxc5 {[%clk 1:01:23]} 15. bxc5
{[%clk 0:50:42]} Nc4 {[%clk 1:01:06]} 16. Ne4 {[%clk 0:49:35]} Nxe4
{[%clk 0:58:47]} 17. Bxe4 {[%clk 0:49:42]} f5 {[%clk 0:58:28]} 18. Bc1
{[%clk 0:43:43]} fxe4 {[%clk 0:57:32]} 19. Qxe4 {[%clk 0:43:42]} Bd5
{[%clk 0:57:05]} 20. Qg4 {[%clk 0:42:53]} Qe7 {[%clk 0:49:53]} 21. h4
{[%clk 0:39:32]} Qxc5 {[%clk 0:49:02]} 22. a4 {[%clk 0:38:58]} Bf3
{[%clk 0:48:48]} 23. Qe6+ {[%clk 0:38:47]} Kh8 {[%clk 0:49:00]} 24. Re1
{[%clk 0:36:42]} Qb4 0-1

[Event "EUYCC 2024 U12"]
[Site "?"]
[Date "2024.08.07"]
[Round "3.8"]
[White "Janaszak, Amelia"]
[Black "Ochkova, Vasilena"]
[Result "1/2-1/2"]
[BlackElo "1587"]
[WhiteElo "1424"]
[LiveChessVersion "1.4.8"]

1. e4 {[%clk 1:30:53]} e5 {[%clk 1:30:51]} 2. Nf3 {[%clk 1:31:14]} Nc6
{[%clk 1:31:04]} 3. d4 {[%clk 1:31:34]} exd4 {[%clk 1:31:18]} 4. Bc4
{[%clk 1:29:31]} Nf6 {[%clk 1:29:03]} 5. O-O {[%clk 1:26:14]} Nxe4
{[%clk 1:28:04]} 6. Re1 {[%clk 1:24:39]} d5 {[%clk 1:26:47]} 7. Bxd5
{[%clk 1:21:56]} Qxd5 {[%clk 1:23:56]} 8. Nc3 {[%clk 1:19:13]} Qd8
{[%clk 1:16:08]} 9. Nxe4 {[%clk 1:17:29]} Be7 {[%clk 1:13:45]} 10. Bf4
{[%clk 1:13:36]} O-O {[%clk 1:12:04]} 11. h3 {[%clk 1:09:47]} Bf5
{[%clk 1:05:57]} 12. Ng3 {[%clk 1:03:46]} Bg6 {[%clk 1:04:58]} 13. a3
{[%clk 0:59:54]} Bf6 {[%clk 1:00:39]} 14. Qd2 {[%clk 0:53:17]} Rc8
{[%clk 0:50:34]} 15. Ng5 {[%clk 0:43:10]} Bxc2 {[%clk 0:42:52]} 16. Nxf7
{[%clk 0:36:34]} Rxf7 {[%clk 0:41:57]} 17. Qxc2 {[%clk 0:35:57]} Bg5
{[%clk 0:39:10]} 18. Bxg5 {[%clk 0:34:54]} Qxg5 {[%clk 0:39:22]} 19. Ne4
{[%clk 0:32:29]} Qf5 {[%clk 0:35:43]} 20. Qd2 {[%clk 0:29:12]} Qf4
{[%clk 0:29:20]} 21. Qc2 {[%clk 0:26:01]} Ne5 {[%clk 0:20:40]} 22. f3
{[%clk 0:15:54]} Rd8 {[%clk 0:16:22]} 23. Rad1 {[%clk 0:10:52]} b6
{[%clk 0:10:27]} 24. Nf2 {[%clk 0:09:17]} Nxf3+ {[%clk 0:04:27]} 25. gxf3
{[%clk 0:04:58]} Qg3+ {[%clk 0:04:13]} 26. Kh1 {[%clk 0:01:15]} Qxf3+
{[%clk 0:04:08]} 27. Kg1 {[%clk 0:01:24]} Qg3+ {[%clk 0:03:55]} 28. Kf1
{[%clk 0:01:05]} Rdf8 {[%clk 0:02:26]} 29. Re2 {[%clk 0:01:04]} Qxh3+
{[%clk 0:01:05]} 30. Kg1 {[%clk 0:01:07]} Qg3+ {[%clk 0:00:55]} 31. Kf1
{[%clk 0:01:07]} 1/2-1/2

[Event "EUYCC 2024 U12"]
[Site "?"]
[Date "2024.08.07"]
[Round "3.11"]
[White "Duchatel, Cyrielle"]
[Black "Janouskova, Eliska"]
[Result "1-0"]
[BlackElo "1672"]
[WhiteElo "1636"]
[LiveChessVersion "1.4.8"]

1. e4 {[%clk 1:30:50]} c5 {[%clk 1:30:51]} 2. Nf3 {[%clk 1:30:51]} e6
{[%clk 1:30:58]} 3. c3 {[%clk 1:30:31]} Nf6 {[%clk 1:31:21]} 4. e5
{[%clk 1:30:29]} Nd5 {[%clk 1:31:47]} 5. Bc4 {[%clk 1:30:09]} Nc6
{[%clk 1:29:53]} 6. O-O {[%clk 1:29:19]} Be7 {[%clk 1:24:41]} 7. d4
{[%clk 1:26:46]} cxd4 {[%clk 1:24:46]} 8. cxd4 {[%clk 1:27:01]} d6
{[%clk 1:24:58]} 9. Qe2 {[%clk 1:23:12]} O-O {[%clk 1:23:59]} 10. Rd1
{[%clk 1:21:13]} Na5 {[%clk 1:22:55]} 11. Bd3 {[%clk 1:15:19]} Nb4
{[%clk 1:21:39]} 12. Nc3 {[%clk 1:12:22]} Nxd3 {[%clk 1:21:02]} 13. Rxd3
{[%clk 1:11:59]} b6 {[%clk 1:20:35]} 14. Qe4 {[%clk 1:09:25]} Ba6
{[%clk 1:14:48]} 15. Rd1 {[%clk 1:06:52]} Bb7 {[%clk 1:07:44]} 16. Qg4
{[%clk 1:04:58]} Bxf3 {[%clk 1:06:26]} 17. gxf3 {[%clk 1:04:47]} Kh8
{[%clk 1:03:34]} 18. f4 {[%clk 1:02:42]} dxe5 {[%clk 0:59:23]} 19. dxe5
{[%clk 1:02:31]} Qc7 {[%clk 0:58:58]} 20. Rd3 {[%clk 1:01:20]} f5
{[%clk 0:54:53]} 21. Qg2 {[%clk 0:58:46]} Qb7 {[%clk 0:53:38]} 22. Qxb7
{[%clk 0:59:01]} Nxb7 {[%clk 0:51:43]} 23. Rd7 {[%clk 0:59:26]} Bb4
{[%clk 0:50:04]} 24. Rxb7 {[%clk 0:59:51]} Rfd8 {[%clk 0:50:32]} 25. Be3
{[%clk 0:59:34]} h6 {[%clk 0:49:58]} 26. Nb5 {[%clk 0:59:20]} a6 {[%clk 0:49:42]}
27. Nc7 {[%clk 0:59:25]} Rac8 {[%clk 0:49:51]} 28. Nxe6 {[%clk 0:59:39]} Re8
{[%clk 0:50:02]} 29. Nxg7 {[%clk 0:59:46]} Rg8 {[%clk 0:50:22]} 30. Bxb6
{[%clk 0:59:18]} Bf8 {[%clk 0:47:22]} 31. Rd1 {[%clk 0:57:54]} Bxg7
{[%clk 0:46:32]} 32. Kf1 {[%clk 0:57:54]} Rc4 {[%clk 0:45:04]} 33. e6
{[%clk 0:55:04]} Bf6 {[%clk 0:43:42]} 34. Rf7 {[%clk 0:52:49]} Bh4
{[%clk 0:38:18]} 35. e7 {[%clk 0:52:57]} Rc6 {[%clk 0:37:25]} 36. Bd4+
{[%clk 0:52:23]} Bf6 {[%clk 0:37:38]} 37. Bxf6+ {[%clk 0:52:48]} Rxf6
{[%clk 0:38:06]} 38. Rxf6 {[%clk 0:53:12]} Re8 {[%clk 0:38:29]} 39. Rd8
{[%clk 0:53:34]} Rxd8 {[%clk 0:38:55]} 40. exd8=Q+ {[%clk 0:53:56]} Kh7
{[%clk 0:39:20]} 41. Qe7+ {[%clk 0:54:16]} Kg8 {[%clk 0:39:44]} 42. Rf8#
{[%clk 0:54:40]} 1-0

[Event "EUYCC 2024 U12"]
[Site "?"]
[Date "2024.08.07"]
[Round "3.12"]
[White "Hrckova, Anna"]
[Black "Lickova, Anna"]
[Result "0-1"]
[BlackElo "1621"]
[WhiteElo "1586"]
[LiveChessVersion "1.4.8"]

1. e4 {[%clk 1:30:57]} e5 {[%clk 1:30:51]} 2. Nf3 {[%clk 1:31:15]} Nf6
{[%clk 1:31:15]} 3. Nxe5 {[%clk 1:31:20]} d6 {[%clk 1:31:37]} 4. Nf3
{[%clk 1:31:30]} Nxe4 {[%clk 1:31:59]} 5. Nc3 {[%clk 1:31:55]} Nxc3
{[%clk 1:32:23]} 6. dxc3 {[%clk 1:27:35]} Be7 {[%clk 1:31:36]} 7. Bc4
{[%clk 1:24:56]} Nc6 {[%clk 1:26:20]} 8. O-O {[%clk 1:22:42]} O-O
{[%clk 1:23:20]} 9. Re1 {[%clk 1:17:26]} Bg4 {[%clk 1:20:06]} 10. Bf4
{[%clk 1:14:48]} Bf6 {[%clk 1:13:20]} 11. h3 {[%clk 1:12:36]} Bh5
{[%clk 1:10:53]} 12. Qd3 {[%clk 1:08:27]} Bg6 {[%clk 1:04:14]} 13. Qd2
{[%clk 0:59:31]} Qd7 {[%clk 0:59:34]} 14. Bd3 {[%clk 0:57:45]} Rfe8
{[%clk 0:52:12]} 15. Bxg6 {[%clk 0:47:40]} fxg6 {[%clk 0:51:45]} 16. Bg5
{[%clk 0:44:49]} Qf7 {[%clk 0:44:50]} 17. Rad1 Qxa2 {[%clk 0:39:57]} 18. Qd5+
{[%clk 0:33:13]} Qxd5 {[%clk 0:40:14]} 19. Rxd5 {[%clk 0:32:54]} Rxe1+
{[%clk 0:40:24]} 20. Nxe1 {[%clk 0:33:05]} Ne7 {[%clk 0:40:38]} 21. Rb5
{[%clk 0:28:12]} c6 {[%clk 0:40:48]} 22. Bxf6 {[%clk 0:28:14]} cxb5
{[%clk 0:41:11]} 23. Bxe7 {[%clk 0:28:26]} Re8 {[%clk 0:41:37]} 24. Bxd6
{[%clk 0:28:06]} Rxe1+ {[%clk 0:42:01]} 25. Kh2 {[%clk 0:28:27]} Re2
{[%clk 0:42:22]} 26. Bc5 {[%clk 0:28:41]} a6 {[%clk 0:42:30]} 0-1

[Event "EUYCC 2024 U12"]
[Site "?"]
[Date "2024.08.07"]
[Round "3.13"]
[White "Hamernikova, Iris"]
[Black "Zvolanek, Vojtech"]
[Result "1-0"]
[BlackElo "1601"]
[WhiteElo "1448"]
[LiveChessVersion "1.4.8"]

1. e4 {[%clk 1:30:57]} e5 {[%clk 1:30:52]} 2. Nf3 {[%clk 1:31:24]} Nc6
{[%clk 1:31:07]} 3. d4 {[%clk 1:31:28]} exd4 {[%clk 1:30:18]} 4. Bc4
{[%clk 1:31:53]} Bc5 {[%clk 1:28:51]} 5. c3 {[%clk 1:32:04]} dxc3
{[%clk 1:24:13]} 6. Bxf7+ {[%clk 1:32:27]} Kxf7 {[%clk 1:18:32]} 7. Qd5+
{[%clk 1:32:48]} Ke8 {[%clk 1:17:45]} 8. Qh5+ {[%clk 1:32:54]} Kf8
{[%clk 1:14:25]} 9. Qxc5+ {[%clk 1:32:16]} Nge7 {[%clk 1:14:00]} 10. Nxc3
{[%clk 1:28:53]} d6 {[%clk 1:13:42]} 11. Qc4 {[%clk 1:25:17]} Ne5
{[%clk 1:09:48]} 12. Qe2 {[%clk 1:23:21]} Bg4 {[%clk 1:07:35]} 13. Rg1
{[%clk 1:22:16]} N7c6 {[%clk 1:05:31]} 14. Be3 {[%clk 1:21:59]} h6
{[%clk 1:01:36]} 15. h3 {[%clk 1:21:55]} Bh5 {[%clk 0:58:33]} 16. g4
{[%clk 1:21:58]} Bg6 {[%clk 0:58:27]} 17. Nxe5 {[%clk 1:22:00]} dxe5
{[%clk 0:58:37]} 18. Nd5 {[%clk 1:16:32]} Bxe4 {[%clk 0:54:49]} 19. Bc5+
{[%clk 1:16:52]} Ke8 {[%clk 0:50:15]} 20. Qxe4 {[%clk 1:16:10]} b6
{[%clk 0:49:04]} 21. Ba3 {[%clk 1:07:57]} Qd7 {[%clk 0:44:04]} 22. O-O-O
{[%clk 1:06:47]} Qf7 {[%clk 0:36:08]} 23. Ne7 {[%clk 1:02:08]} 1-0

[Event "EUYCC 2024 U12"]
[Site "?"]
[Date "2024.08.08"]
[Round "4.1"]
[White "Corral Nehama, Leo"]
[Black "Bilochenko, Matvii"]
[Result "1/2-1/2"]
[BlackElo "1800"]
[WhiteElo "1984"]
[LiveChessVersion "1.4.8"]

1. e4 {[%clk 1:30:05]} c5 {[%clk 1:30:52]} 2. Nf3 {[%clk 1:30:04]} e6
{[%clk 1:31:08]} 3. c3 {[%clk 1:30:04]} Nf6 {[%clk 1:31:03]} 4. e5
{[%clk 1:30:12]} Nd5 {[%clk 1:31:21]} 5. d4 {[%clk 1:30:30]} cxd4
{[%clk 1:31:32]} 6. cxd4 {[%clk 1:30:24]} d6 {[%clk 1:31:38]} 7. Bc4
{[%clk 1:29:38]} Be7 {[%clk 1:31:31]} 8. O-O {[%clk 1:24:28]} O-O
{[%clk 1:30:19]} 9. Bd2 {[%clk 1:24:00]} b6 {[%clk 1:26:10]} 10. Qe2
{[%clk 1:17:59]} Bb7 {[%clk 1:24:07]} 11. Nc3 {[%clk 1:17:10]} Nxc3
{[%clk 1:19:37]} 12. Bxc3 {[%clk 1:16:36]} Nd7 {[%clk 1:17:56]} 13. Rad1
{[%clk 1:07:24]} dxe5 {[%clk 1:11:27]} 14. dxe5 {[%clk 1:04:35]} Qc7
{[%clk 1:06:42]} 15. Bd3 {[%clk 0:51:47]} Nc5 {[%clk 1:03:05]} 16. Bc4
{[%clk 0:48:48]} Rac8 {[%clk 0:58:19]} 17. Rc1 {[%clk 0:40:06]} Ne4
{[%clk 0:52:34]} 18. Ba6 {[%clk 0:33:23]} Nxc3 {[%clk 0:46:54]} 19. Rxc3
{[%clk 0:33:40]} Qb8 {[%clk 0:46:09]} 20. Rfc1 {[%clk 0:28:14]} Rxc3
{[%clk 0:42:09]} 21. Rxc3 {[%clk 0:28:35]} Rc8 {[%clk 0:41:49]} 22. Rxc8+
{[%clk 0:27:02]} Qxc8 {[%clk 0:41:54]} 23. Bc4 {[%clk 0:20:54]} Bxf3
{[%clk 0:40:22]} 24. gxf3 {[%clk 0:21:03]} Qc5 {[%clk 0:38:08]} 25. a4
{[%clk 0:16:27]} Qd4 {[%clk 0:35:34]} 26. b3 {[%clk 0:12:00]} Bc5
{[%clk 0:33:18]} 27. Kg2 {[%clk 0:11:20]} Qh4 {[%clk 0:32:12]} 28. Qd2
{[%clk 0:10:07]} a5 {[%clk 0:31:26]} 29. f4 {[%clk 0:07:37]} Qg4+
{[%clk 0:29:58]} 30. Kf1 {[%clk 0:07:44]} h5 {[%clk 0:26:11]} 31. Qd8+
{[%clk 0:07:18]} Kh7 {[%clk 0:25:06]} 32. Qd3+ {[%clk 0:05:09]} g6
{[%clk 0:24:07]} 33. Qg3 {[%clk 0:05:27]} Qd1+ {[%clk 0:23:41]} 34. Kg2
{[%clk 0:05:47]} Qd2 {[%clk 0:21:14]} 35. Qf3 {[%clk 0:05:41]} Kg7
{[%clk 0:19:59]} 36. Qg3 {[%clk 0:05:46]} Bd4 {[%clk 0:19:13]} 37. Qf3
{[%clk 0:05:37]} Bc5 {[%clk 0:15:19]} 38. h4 {[%clk 0:05:15]} Qd4
{[%clk 0:15:13]} 39. Qg3 {[%clk 0:05:09]} Kh7 {[%clk 0:14:48]} 40. Qf3
{[%clk 0:05:04]} Bf8 {[%clk 0:13:44]} 41. Kg3 {[%clk 0:03:08]} Bh6
{[%clk 0:13:36]} 42. Bb5 {[%clk 0:02:36]} Qa1 {[%clk 0:12:25]} 43. Kg2
{[%clk 0:01:04]} Qc1 {[%clk 0:11:53]} 44. Kg3 {[%clk 0:01:33]} Qg1+
{[%clk 0:12:07]} 45. Kh3 {[%clk 0:02:02]} Bf8 {[%clk 0:11:09]} 46. Bd3
{[%clk 0:02:11]} Kg7 {[%clk 0:10:59]} 47. Qg3 {[%clk 0:00:57]} Qh1+
{[%clk 0:10:31]} 48. Qh2 {[%clk 0:01:26]} Qd1 {[%clk 0:10:13]} 49. Qg3
{[%clk 0:01:41]} Qxb3 {[%clk 0:09:22]} 50. Bb5 {[%clk 0:02:05]} Qd1
{[%clk 0:08:31]} 51. Kg2 {[%clk 0:02:25]} Be7 {[%clk 0:08:43]} 52. Kh2
{[%clk 0:01:37]} Qe1 {[%clk 0:08:39]} 53. Kg2 {[%clk 0:01:49]} Bc5
{[%clk 0:08:42]} 54. Qf3 {[%clk 0:02:01]} Be7 {[%clk 0:08:43]} 55. Qg3
{[%clk 0:02:22]} Qe4+ {[%clk 0:08:55]} 56. Kh2 {[%clk 0:02:33]} Bc5
{[%clk 0:08:11]} 57. Kg1 {[%clk 0:02:22]} Be7 {[%clk 0:07:32]} 58. Kh2
{[%clk 0:02:42]} Kh7 {[%clk 0:07:34]} 59. Kg1 {[%clk 0:02:35]} Bf8
{[%clk 0:07:03]} 60. Qe3 {[%clk 0:01:00]} Qxe3 {[%clk 0:07:07]} 61. fxe3
{[%clk 0:01:28]} Be7 {[%clk 0:07:21]} 62. Kf1 {[%clk 0:01:19]} Bxh4
{[%clk 0:07:46]} 63. Ke2 {[%clk 0:01:45]} Be7 {[%clk 0:07:49]} 64. Be8
{[%clk 0:01:48]} Kg7 {[%clk 0:08:09]} 65. Kf3 {[%clk 0:00:55]} Kf8
{[%clk 0:08:19]} 66. Bc6 {[%clk 0:01:13]} Bc5 {[%clk 0:08:35]} 67. Ke2
{[%clk 0:00:35]} Ke7 {[%clk 0:08:36]} 68. Kf3 {[%clk 0:00:53]} Bb4
{[%clk 0:08:08]} 69. Ke2 {[%clk 0:00:40]} Bc3 {[%clk 0:07:54]} 70. Kd3
{[%clk 0:01:01]} Bb2 {[%clk 0:07:37]} 71. Be4 {[%clk 0:00:33]} h4
{[%clk 0:06:51]} 72. Bc6 {[%clk 0:00:55]} f6 {[%clk 0:06:48]} 73. exf6+
{[%clk 0:00:56]} Kxf6 {[%clk 0:06:54]} 74. Ke2 {[%clk 0:00:35]} Bc1
{[%clk 0:06:50]} 75. Kf3 {[%clk 0:00:42]} g5 {[%clk 0:05:48]} 76. fxg5+
{[%clk 0:00:39]} Kxg5 {[%clk 0:05:51]} 77. Bd7 {[%clk 0:00:43]} Kf5
{[%clk 0:04:16]} 78. e4+ {[%clk 0:01:04]} Ke5 {[%clk 0:03:59]} 79. Kg4
{[%clk 0:01:26]} Bg5 {[%clk 0:03:08]} 80. Bc6 {[%clk 0:01:12]} Be7
{[%clk 0:03:26]} 81. Bd7 {[%clk 0:01:30]} Kxe4 {[%clk 0:03:18]} 82. Bxe6
{[%clk 0:01:59]} b5 {[%clk 0:03:09]} 83. axb5 {[%clk 0:02:28]} Ke5
{[%clk 0:03:25]} 84. Bf7 {[%clk 0:02:45]} Kd6 {[%clk 0:03:34]} 85. Kh3
{[%clk 0:02:51]} Kc5 {[%clk 0:03:15]} 86. b6 {[%clk 0:02:52]} Kxb6
{[%clk 0:03:34]} 87. Be6 {[%clk 0:01:39]} a4 {[%clk 0:03:57]} 88. Bf7
{[%clk 0:02:06]} a3 {[%clk 0:04:18]} 89. Kh2 {[%clk 0:02:32]} Bd6+
{[%clk 0:04:22]} 90. Kh1 {[%clk 0:02:54]} Kc5 {[%clk 0:04:41]} 91. Ba2
{[%clk 0:03:16]} Kb4 {[%clk 0:05:04]} 92. Be6 {[%clk 0:03:44]} Kc3
{[%clk 0:05:11]} 93. Bd5 {[%clk 0:04:12]} Kb2 {[%clk 0:05:38]} 94. Be6
{[%clk 0:04:37]} a2 {[%clk 0:04:49]} 95. Bxa2 {[%clk 0:05:05]} Kxa2
{[%clk 0:04:57]} 96. Kg2 {[%clk 0:05:31]} Kb3 {[%clk 0:05:13]} 97. Kh1
{[%clk 0:05:58]} Kc3 {[%clk 0:05:29]} 98. Kg2 {[%clk 0:06:23]} Kd4
{[%clk 0:05:53]} 99. Kh1 {[%clk 0:06:51]} Ke3 {[%clk 0:05:32]} 100. Kg2
{[%clk 0:07:19]} Kf4 {[%clk 0:05:35]} 101. Kh1 {[%clk 0:07:45]} Kg3
{[%clk 0:05:16]} 102. Kg1 {[%clk 0:08:11]} h3 {[%clk 0:05:41]} 103. Kh1
{[%clk 0:08:41]} Be5 {[%clk 0:05:36]} 104. Kg1 {[%clk 0:09:07]} h2+
{[%clk 0:06:02]} 105. Kh1 {[%clk 0:09:33]} Kf3 {[%clk 0:06:18]} 1/2-1/2

[Event "EUYCC 2024 U12"]
[Site "?"]
[Date "2024.08.08"]
[Round "4.2"]
[White "Meszaros-Csonka, David"]
[Black "Petroff, Vlad"]
[Result "0-1"]
[BlackElo "1997"]
[WhiteElo "1932"]
[LiveChessVersion "1.4.8"]

1. d4 {[%clk 1:30:11]} d5 {[%clk 1:30:52]} 2. Bf4 {[%clk 1:30:04]} c5
{[%clk 1:31:09]} 3. e3 {[%clk 1:30:25]} Nc6 {[%clk 1:31:33]} 4. c3
{[%clk 1:30:34]} Nf6 {[%clk 1:31:03]} 5. Nd2 {[%clk 1:30:45]} Bf5
{[%clk 1:30:16]} 6. Ngf3 {[%clk 1:23:36]} e6 {[%clk 1:29:17]} 7. dxc5
{[%clk 1:10:30]} Bxc5 {[%clk 1:29:14]} 8. Nb3 {[%clk 1:09:17]} Bd6
{[%clk 1:28:26]} 9. Bxd6 {[%clk 1:08:32]} Qxd6 {[%clk 1:28:54]} 10. Bd3
{[%clk 1:04:19]} Bxd3 {[%clk 1:28:58]} 11. Qxd3 {[%clk 1:04:46]} O-O
{[%clk 1:29:09]} 12. O-O {[%clk 1:04:54]} Rfd8 {[%clk 1:26:12]} 13. Rfd1
{[%clk 1:03:54]} Qc7 {[%clk 1:20:51]} 14. Qe2 {[%clk 0:59:35]} Rac8
{[%clk 1:10:21]} 15. c4 {[%clk 0:45:52]} dxc4 {[%clk 1:08:23]} 16. Qxc4
{[%clk 0:45:11]} h6 {[%clk 1:06:52]} 17. Rac1 {[%clk 0:36:30]} Rxd1+
{[%clk 0:56:33]} 18. Rxd1 {[%clk 0:36:59]} Ne5 {[%clk 0:53:01]} 19. Nxe5
{[%clk 0:27:56]} Qxc4 {[%clk 0:53:09]} 20. Nxc4 {[%clk 0:27:55]} Rxc4
{[%clk 0:53:38]} 21. Kf1 {[%clk 0:22:12]} Kf8 {[%clk 0:52:16]} 22. Ke2
{[%clk 0:19:26]} Ke7 {[%clk 0:52:40]} 23. Rd4 {[%clk 0:18:07]} Rc2+
{[%clk 0:50:40]} 24. Rd2 {[%clk 0:18:24]} Rc7 {[%clk 0:50:32]} 25. f3 Nd5
{[%clk 0:46:48]} 26. g3 {[%clk 0:10:38]} g6 {[%clk 0:38:40]} 27. e4
{[%clk 0:10:39]} Nb4 {[%clk 0:38:36]} 28. a3 {[%clk 0:09:53]} Nc6
{[%clk 0:39:05]} 29. f4 {[%clk 0:06:56]} f6 {[%clk 0:32:12]} 30. Ke3
{[%clk 0:06:35]} e5 {[%clk 0:21:54]} 31. h3 {[%clk 0:05:03]} a5 {[%clk 0:18:25]}
32. a4 {[%clk 0:04:42]} b6 {[%clk 0:18:20]} 33. Rc2 {[%clk 0:04:29]} Rc8
{[%clk 0:15:51]} 34. Rc3 {[%clk 0:04:10]} Na7 {[%clk 0:15:54]} 35. Rxc8
{[%clk 0:04:07]} Nxc8 {[%clk 0:16:23]} 36. Nd2 {[%clk 0:03:05]} Nd6
{[%clk 0:16:31]} 37. fxe5 {[%clk 0:03:00]} fxe5 {[%clk 0:16:55]} 38. Kd3
{[%clk 0:03:00]} Kd7 {[%clk 0:16:42]} 39. Kc3 {[%clk 0:02:54]} Kc7
{[%clk 0:14:29]} 40. b4 {[%clk 0:01:40]} Kb7 {[%clk 0:13:21]} 41. b5
{[%clk 0:01:17]} Kc7 {[%clk 0:13:21]} 42. Kd3 {[%clk 0:01:30]} Kd7
{[%clk 0:13:43]} 43. Nf1 {[%clk 0:01:29]} Nb7 {[%clk 0:13:35]} 44. Ne3
{[%clk 0:00:35]} Nc5+ {[%clk 0:13:10]} 45. Kc4 {[%clk 0:01:02]} Kd6
{[%clk 0:10:51]} 46. Nd5 {[%clk 0:00:45]} Nxa4 {[%clk 0:11:02]} 47. h4
{[%clk 0:00:33]} h5 {[%clk 0:10:10]} 48. Nf6 {[%clk 0:00:32]} Nc5
{[%clk 0:10:05]} 49. Ne8+ {[%clk 0:00:34]} Kd7 {[%clk 0:03:27]} 50. Nf6+
{[%clk 0:00:40]} Ke6 {[%clk 0:03:47]} 51. Nd5 {[%clk 0:00:50]} Nd7
{[%clk 0:03:15]} 52. Nc7+ {[%clk 0:00:39]} Kd6 {[%clk 0:02:09]} 53. Nd5
{[%clk 0:00:54]} Ke6 {[%clk 0:01:08]} 54. Nc7+ {[%clk 0:01:23]} Kd6
{[%clk 0:01:37]} 55. Nd5 {[%clk 0:01:48]} a4 {[%clk 0:01:22]} 56. Kb4
{[%clk 0:02:06]} a3 {[%clk 0:01:27]} 57. Kxa3 {[%clk 0:02:27]} Kc5
{[%clk 0:01:51]} 58. Ne7 {[%clk 0:01:17]} Kxb5 {[%clk 0:00:43]} 59. Nxg6
{[%clk 0:01:45]} Kc4 {[%clk 0:01:06]} 60. Kb2 {[%clk 0:00:34]} Kd4
{[%clk 0:01:12]} 61. Ne7 {[%clk 0:00:31]} Kxe4 {[%clk 0:01:25]} 62. Kc3
{[%clk 0:00:33]} Kf3 {[%clk 0:00:54]} 63. Nf5 {[%clk 0:00:46]} e4
{[%clk 0:00:37]} 64. Kd4 {[%clk 0:00:49]} b5 {[%clk 0:00:46]} 65. Ne3
{[%clk 0:00:35]} b4 {[%clk 0:00:36]} 66. Nc4 {[%clk 0:00:32]} Nf6
{[%clk 0:00:34]} 67. Ke5 {[%clk 0:00:32]} Ng4+ {[%clk 0:00:38]} 68. Kf5
{[%clk 0:00:32]} e3 {[%clk 0:00:46]} 0-1

[Event "EUYCC 2024 U12"]
[Site "?"]
[Date "2024.08.08"]
[Round "4.3"]
[White "Velim, Vojtech"]
[Black "Kala, Jakub"]
[Result "1-0"]
[BlackElo "1949"]
[WhiteElo "1926"]
[LiveChessVersion "1.4.8"]

1. Nf3 {[%clk 1:30:56]} Nf6 {[%clk 1:30:52]} 2. g3 {[%clk 1:31:22]} e6
{[%clk 1:31:09]} 3. Bg2 {[%clk 1:31:47]} d5 {[%clk 1:31:33]} 4. O-O
{[%clk 1:32:10]} Be7 {[%clk 1:31:57]} 5. c4 {[%clk 1:32:26]} O-O {[%clk 1:32:01]}
6. d4 {[%clk 1:32:51]} dxc4 {[%clk 1:30:26]} 7. Qc2 {[%clk 1:32:17]} b6
{[%clk 1:29:48]} 8. Ne5 {[%clk 1:28:09]} Qxd4 {[%clk 1:29:15]} 9. Bxa8
{[%clk 1:28:30]} Qxe5 {[%clk 1:29:25]} 10. Bf3 {[%clk 1:28:53]} Nd5
{[%clk 1:19:33]} 11. Bd2 {[%clk 1:20:05]} Ba6 {[%clk 1:08:33]} 12. Nc3
{[%clk 1:12:35]} c6 {[%clk 0:58:33]} 13. Rad1 {[%clk 0:54:38]} Rd8
{[%clk 0:52:15]} 14. a3 {[%clk 0:52:19]} Qc7 {[%clk 0:40:52]} 15. e4
{[%clk 0:46:09]} Nxc3 {[%clk 0:39:12]} 16. Bxc3 {[%clk 0:44:37]} Nd7
{[%clk 0:38:26]} 17. Bd4 {[%clk 0:40:44]} e5 {[%clk 0:30:42]} 18. Be3
{[%clk 0:40:10]} Bc5 {[%clk 0:29:55]} 19. Be2 {[%clk 0:37:25]} Bxe3
{[%clk 0:24:32]} 20. fxe3 {[%clk 0:36:37]} b5 {[%clk 0:24:12]} 21. Qd2
{[%clk 0:36:58]} Bc8 {[%clk 0:16:41]} 22. Bg4 {[%clk 0:35:39]} a5
{[%clk 0:14:25]} 23. Qd6 {[%clk 0:32:48]} Qb6 {[%clk 0:09:38]} 24. Qe7
{[%clk 0:32:28]} Qxe3+ {[%clk 0:09:34]} 25. Kg2 {[%clk 0:32:47]} Rf8
{[%clk 0:07:50]} 26. Bxd7 {[%clk 0:31:48]} Qxe4+ {[%clk 0:04:52]} 27. Kg1
{[%clk 0:30:41]} Qe3+ {[%clk 0:04:17]} 28. Rf2 {[%clk 0:31:02]} Bxd7
{[%clk 0:01:37]} 29. Qxd7 {[%clk 0:31:23]} f5 {[%clk 0:01:11]} 30. Qe6+
{[%clk 0:31:38]} Kh8 {[%clk 0:01:35]} 31. Qxf5 {[%clk 0:31:28]} 1-0